wszystkie pętle tramwajowe we Wrocławiu - Statystyki

Ogólne statystyki
  • Ten quiz został rozwiązany 112 razy
    23 od ostatniego zresetowania
  • Średni wynik to 19 z 25
Statystyki odpowiedzi
linie pętla % Poprawnych
1, 2, 4, 10 Biskupin
100%
2, 6, 14 Krzyki
100%
3, 5 Księże Małe
95%
3, 10, 20 Leśnica
95%
1, 7, 15 Poświętne
95%
9, 12, 17 Sępolno
95%
8, 16, 22 Tarnogaj
95%
12, 18, 19 Kozanów
90%
19 ZOO
90%
18, 21 Gaj
86%
4, 11, 20 Oporów
86%
9, 15 Park Południowy
86%
21 Tarczyński Arena
86%
7, 17 Klecina
81%
23, 24 Kowale
81%
14, 16 Osobowice
81%
6, 11 Kromera
76%
5 Grabiszyńska Cmentarz
71%
8 Karłowice
71%
22, 24 Pilczyce
67%
13 Stadion Olimpijski
62%
0 Dworzec Nadodrze
52%
13, 23 Wrocław Nowy Dwór
43%
- Grabiszynek
33%
- WPP
10%
Nie znaleziono quizów pasujących do podanych kryteriów
Rozkład punktacji
Procent ludzi z każdym wynikiem
Percentyl według liczby udzielonych odpowiedzi
Twoja historia wyników
Nie rozwiązałeś tego quizu od ostatniego zresetowania